000 00448nam a2200205Ia 4500
001 084217
003 YMCAF
005 20230512161438.0
008 100717s2001 ||||||||||||||||| ||und|d
024 _a84217
035 _a23677
040 _aYMCAF
_beng
_cIN-KoLT
041 _aeng
082 _a519.2
_bTRI
100 _aTrivedi, Kishore S
245 0 _aProbability and staticstics
260 _bPHI
_c2001
300 _a624
942 _2ddc
_cBK
999 _c8613
_d8613